000 00755nam a2200253 i 4500
001 17137
003 ES-MaACL
005 20231215063506.0
007 t|
008 001227s2000 sp |||| |dspa d
020 _a84-7490-579-8
080 _a94(460)"1931/39"
100 1 _aMoa, Pío
_d1948-
_eaut
_9226432
245 1 4 _aLos personajes de la República vistos por ellos mismos /
_cPío Moa.
260 _aMadrid :
_bEncuentro,
_c[2000]
300 _a445 p. ;
_c23 cm.
490 1 _aEnsayos ;
_v172
650 1 4 _aPolíticos-
_zEspaña-
_yS.XX.
_916315
651 4 _aEspaña-
_xHistoria-
_y1931-1939, II República.
_98283
830 0 _aEnsayos ;
_v172
_9176633
852 _aES-MaACL
_jL-23937
942 _2udc
999 _c17137
_d17137